Audit informačního systému: stav profese na přelomu tisíciletí

Vývoj externého auditu informačného systému (IS). Vývoj interného auditu IS. Obsah vnútorného auditu. Využívanie zdrojov vnútorného auditu IS. Štruktúra a fluktuácia audítorov.

Salvato in:
Dettagli Bibliografici
Autore principale: Svatá, Vlasta
Natura: Capitolo di libro
Lingua:ceco
Soggetti:
Tags: Aggiungi Tag
Nessun Tag, puoi essere il primo ad aggiungerne!!

MARC

LEADER 00000naa a2200000 4500
001 r042231
005 20230913085602.4
041 0 |a cze 
044 |a CZ 
245 1 0 |a Audit informačního systému: stav profese na přelomu tisíciletí  |c Vlasta Svatá 
520 |a Vývoj externého auditu informačného systému (IS). Vývoj interného auditu IS. Obsah vnútorného auditu. Využívanie zdrojov vnútorného auditu IS. Štruktúra a fluktuácia audítorov. 
610 2 0 |a audit 
610 2 0 |a systémy informačné 
610 2 0 |a audítori 
100 1 |a Svatá, Vlasta